| 000 | 00712nam a2200241 u 4500 | ||
|---|---|---|---|
| 005 | 20220916063657.0 | ||
| 008 | 190618 2004 mx r 000 0 spa d | ||
| 020 | _a0756606357 | ||
| 035 | _aUPN01000231425 | ||
| 049 | _aI | ||
| 050 | 4 |
_aQB46 _bS7.2 |
|
| 100 | 1 |
_aStott, Carole, _d1953- _935501 |
|
| 245 | 1 | 3 |
_aEl espacio / _cCarole Stott ; il. Steve Gorton. |
| 260 |
_aEstados Unidos : _bDK, _c2004. |
||
| 300 |
_a72 p. : _bil. col. |
||
| 440 | 0 | _aGuías visuales | |
| 534 |
_pTítulo original : _tSpace exploration |
||
| 650 | 4 |
_aASTRONOMIA - _vLITERATURA INFANTIL _911353 |
|
| 650 | 4 |
_aASTRONAUTAS _98471 |
|
| 650 | 7 |
_aLibros ilustrados para niños _2 _921365 |
|
| 905 | _aInfantil | ||
| 999 |
_c203520 _d203520 |
||